Programming in 'C'/ (Record no. 167574)

MARC details
000 -LEADER
fixed length control field 00701nam a22002057a 4500
005 - DATE AND TIME OF LATEST TRANSACTION
control field 20190912145941.0
010 ## - LCCN (DPL NO)
LC control number ENG-126458
020 ## - INTERNATIONAL STANDARD BOOK NUMBER
Terms of availability 235.00
International Standard Book Number 978-93-83640-66-9
035 ## - SYSTEM CONTROL NUMBER
System control number EN-109990
037 ## - SOURCE OF ACQUISITION
Source of stock number/acquisition DBAD/PUB
082 ## - DEWEY DECIMAL CLASSIFICATION NUMBER
Classification number 005.133
100 ## - MAIN ENTRY--PERSONAL NAME
Personal name Raju,S Viswanadha
245 ## - TITLE STATEMENT
Title Programming in 'C'/
Statement of responsibility, etc by S Viswanadha Raju, V Muni Sekhar [and] V Lakshmi
260 ## - PUBLICATION, DISTRIBUTION, ETC. (IMPRINT)
Place of publication, distribution, etc Hyderabad
Name of publisher, distributor, etc Specturm University
Date of publication, distribution, etc 2018
270 ## - ADDRESS
City Hyderabad
Address #326/C,1st Floor,Surneni Nilayam Near B K Guda Park,S R Nagar
Postal code 500038
Telephone number ++91 40 23710657,238000657
Fax number +91 40 23810657
300 ## - PHYSICAL DESCRIPTION
Extent 328p.
Dimensions 24cm(pbk)
700 ## - ADDED ENTRY--PERSONAL NAME
Personal name Sakhar, V Muni
700 ## - ADDED ENTRY--PERSONAL NAME
Personal name Lakshmi,V
942 ## - ADDED ENTRY ELEMENTS (KOHA)
Source of classification or shelving scheme Dewey Decimal Classification
Item type English Books
Classification part 005.133
Call number suffix RAJ
Holdings
Withdrawn status Lost status Not for loan Collection code Home library Current library Date acquired Source of acquisition Cost, normal purchase price Full call number Barcode Copy number Cost, replacement price Koha item type
    Not For Loan Non-fiction D.B.Act.Division Mobile Library 12/09/2019 DBAD/PUB 235.00 005.133 RAJ EN-109990 1 235.00 English Books

© Delhi Public Library
Hit Counter
free hit counter